| 000 | 00710cam a2200217 a 4500 | ||
|---|---|---|---|
| 001 | 000019388 | ||
| 005 | 20200929170013.0 | ||
| 008 | 100628s1990 dr r 000 0 spa d | ||
| 040 |
_aDO-SdBNP _bspa _cBNPHU |
||
| 082 |
_aE861.44 _bL864f |
||
| 100 | 1 |
_aLópez Serrano, Francisco M. _d1960- _941639 |
|
| 245 | 1 | 3 |
_aUn funesto deseo de luz / _cFrancisco M. López Serrano. |
| 260 |
_aZaragoza : _bInstitución el Católico, _c1990. |
||
| 300 |
_a43 p. ; _c24 cm. |
||
| 490 | 1 |
_aSan Jorge; _v60 |
|
| 500 | _aIncluye datos biográficos del autor en la solapa de la portada. | ||
| 650 | 4 |
_aPoesía ecuatoriana _913387 |
|
| 650 | 4 |
_aLiteratura ecuatoriana _93938 |
|
| 830 | 0 |
_aSan Jorge _v60 _914367 |
|
| 049 | _aBNGR | ||
| 999 |
_c18904 _d18904 |
||